[Event "HUN-chT2 Asztalos 1516"]
[Site "Hungary"]
[Date "2016.02.28"]
[Round "8.7"]
[White "Rot, Norbert"]
[Black "Grunwald, Geza"]
[Result "0-1"]
[WhiteElo "1823"]
[BlackElo "1857"]
[PlyCount "110"]
[EventDate "2015.09.13"]
[EventType "team-tourn"]
[EventRounds "11"]
[EventCountry "HUN"]
[SourceTitle "EXT 2017"]
[Source "ChessBase"]
[SourceDate "2016.10.25"]
[SourceVersion "1"]
[SourceVersionDate "2016.10.25"]
[SourceQuality "1"]
[WhiteTeam "Pet"]
[BlackTeam "Komlo Banyasz"]
[WhiteTeamCountry "HUN"]
[BlackTeamCountry "HUN"]

1. e4 e6 2. d4 d5 3. Nd2 c5 4. c3 cxd4 5. cxd4 Nc6 6. exd5 Qxd5 7. Ndf3 Nf6 8. Ne2 Ne4 9. a3 Bd7 10. Nf4 Qa5+ 11. Bd2 Nxd2 12. Nxd2 Nxd4 13. Bd3 Ba4 14. Qg4 Nb3 15. Rd1 Nc5 16. Rc1 Rd8 17. Rc3 e5 18. b4 Nxd3+ 19. Nxd3 Qd5 20. Qe2 f6 21. Nf4 Qxd2+ 22. Qxd2 Rxd2 23. Kxd2 exf4 24. Re1+ Kd8 25. Re4 Bc6 26. Rxf4 a6 27. Rd4+ Kc7 28. a4 Bd6 29. Rg4 Rd8 30. Kc1 Kb8 31. Rd4 Be7 32. Rxd8+ Bxd8 33. b5 axb5 34. axb5 Bxb5 35. Rg3 g6 36. Rh3 h5 37. Rg3 g5 38. Rh3 Bc6 39. Rxh5 Bxg2 40. Rh8 Kc7 41. h4 gxh4 42. Rxh4 f5 43. Rc4+ Kd7 44. Rc5 Ke6 45. Kd1 Bb6 46. Rc2 Bf3+ 47. Ke1 Ba5+ 48. Kf1 b6 49. Rb2 Ke5 50. Rb3 Bd5 51. Rb2 Bc4+ 52. Kg2 b5 53. Kf3 Bc3 54. Rc2 b4 55. Rc1 Kd4 0-1

[Event "HUN-chT2 Asztalos 1516"]
[Site "Hungary"]
[Date "2015.09.13"]
[Round "1.8"]
[White "Horvath, Ferenc"]
[Black "Rot, Norbert"]
[Result "0-1"]
[WhiteElo "1547"]
[BlackElo "1823"]
[PlyCount "66"]
[EventDate "2015.09.13"]
[EventType "team-tourn"]
[EventRounds "11"]
[EventCountry "HUN"]
[SourceTitle "CBM 170 Extra"]
[Source "ChessBase"]
[SourceDate "2016.02.25"]
[SourceVersion "1"]
[SourceVersionDate "2016.02.25"]
[SourceQuality "1"]
[WhiteTeam "Kaposvar Bastya"]
[BlackTeam "Pet"]
[WhiteTeamCountry "HUN"]
[BlackTeamCountry "HUN"]

1. e4 c5 2. Nf3 e6 3. c3 a6 4. d4 cxd4 5. cxd4 d6 6. Nc3 Be7 7. Be2 Nf6 8. 0-0 0-0 9. Bg5 h6 10. Bxf6 Bxf6 11. Qb3 Nc6 12. Rad1 Qc7 13. d5 Ne5 14. Nxe5 Bxe5 15. Rc1 Qe7 16. Bf3 b5 17. g3 Bd7 18. Ne2 Rfc8 19. Bg4 f5 20. exf5 exf5 21. Bh3 Qf6 22. Nc3 Rc4 23. Rfe1 Rac8 24. Bf1 Bxc3 25. Bxc4 Bxe1 26. Rxe1 Rxc4 27. Qa3 Ra4 28. Qb3 f4 29. a3 fxg3 30. hxg3 Bf5 31. f3 Rc4 32. Re2 Qd4+ 33. Kg2 Kh7 0-1

[Event "HUN-chT2 Szechenyi 1112"]
[Site "Hungary"]
[Date "2012.03.25"]
[Round "8.8"]
[White "Rot, Norbert"]
[Black "Horvath, Imre2222"]
[Result "1/2-1/2"]
[WhiteElo "1856"]
[BlackElo "1923"]
[PlyCount "84"]
[EventDate "2011.09.25"]
[EventType "team-tourn"]
[EventRounds "11"]
[EventCountry "HUN"]
[SourceTitle "EXT 2013"]
[Source "ChessBase"]
[SourceDate "2012.11.22"]
[SourceVersion "1"]
[SourceVersionDate "2012.11.22"]
[SourceQuality "1"]
[WhiteTeam "Pet"]
[BlackTeam "Alsoszolnok"]
[WhiteTeamCountry "HUN"]
[BlackTeamCountry "HUN"]

1. e4 e6 2. d4 b6 3. Bd3 Bb7 4. Be3 Nf6 5. Nd2 d6 6. h3 Nbd7 7. Ngf3 a6 8. 0-0 c5 9. c3 b5 10. Qe2 e5 11. d5 c4 12. Bc2 Qc7 13. Nh2 Nc5 14. f4 Ncd7 15. Nhf3 exf4 16. Bxf4 0-0-0 17. a4 Re8 18. Qf2 Nc5 19. axb5 axb5 20. Rfe1 Nfd7 21. Nd4 Qb6 22. b4 cxb3 23. N2xb3 Be7 24. Nf5 g6 25. Nxe7+ Rxe7 26. Nxc5 Nxc5 27. Bg5 Rd7 28. Kh1 Re8 29. Qd4 Rc7 30. Rab1 Na4 31. Qxb6 Nxb6 32. Rxb5 Nxd5 33. c4 Nc3 34. Rb4 Nxe4 35. Bxe4 Bxe4 36. Rd1 Re6 37. Bf4 Kd7 38. Rd4 f5 39. Rb6 Rc6 40. Rb7+ Rc7 41. Rb6 Rc6 42. Rb7+ Rc7 1/2-1/2

[Event "HUN-chT2 Charousek 1011"]
[Site "Hungary"]
[Date "2011.05.15"]
[Round "11"]
[White "Rot, Norbert"]
[Black "Bakos, Andrea"]
[Result "1-0"]
[WhiteElo "1825"]
[BlackElo "1887"]
[PlyCount "77"]
[EventDate "2010.09.12"]
[EventType "team-tourn"]
[EventRounds "11"]
[EventCountry "HUN"]
[SourceTitle "EXT 2012"]
[Source "ChessBase"]
[SourceDate "2011.11.24"]
[SourceVersion "1"]
[SourceVersionDate "2011.11.24"]
[SourceQuality "1"]
[WhiteTeam "Balatonfuered"]
[BlackTeam "Tapolca"]
[WhiteTeamCountry "HUN"]
[BlackTeamCountry "HUN"]

1. e4 d5 2. exd5 Nf6 3. Bb5+ Bd7 4. Be2 Nxd5 5. d4 Nc6 6. Nf3 g6 7. c4 Nb6 8. Nc3 Bg4 9. c5 Nd5 10. Qb3 Nxc3 11. bxc3 Na5 12. Qa4+ c6 13. Bf4 Bg7 14. 0-0 0-0 15. Rab1 b6 16. Rfd1 b5 17. Qb4 a6 18. h3 Be6 19. Re1 Bc4 20. Nd2 Bxe2 21. Rxe2 Re8 22. Rbe1 e6 23. Qb1 Qd7 24. a3 Rad8 25. Qe4 Qd5 26. Bc7 Qxe4 27. Rxe4 Nb7 28. Bxd8 Rxd8 29. Nb3 Rd7 30. Ra1 Nd8 31. a4 Bf8 32. axb5 axb5 33. Ra8 f6 34. Re2 Rd5 35. Rea2 e5 36. Rc8 exd4 37. cxd4 Rd7 38. Raa8 Ne6 39. Rxc6 1-0

[Event "HUN-chT2 Szechenyi 0910"]
[Site "Hungary"]
[Date "2010.03.14"]
[Round "6.11"]
[White "Rot, Norbert"]
[Black "Saghy, Krisztian"]
[Result "1-0"]
[WhiteElo "1781"]
[BlackElo "1807"]
[PlyCount "93"]
[EventDate "2009.11.08"]
[EventType "team-tourn"]
[EventRounds "11"]
[EventCountry "HUN"]
[SourceTitle "EXT 2011"]
[Source "ChessBase"]
[SourceDate "2010.11.26"]
[SourceVersion "1"]
[SourceVersionDate "2010.11.26"]
[SourceQuality "1"]
[WhiteTeam "BSC"]
[BlackTeam "FKMK"]
[WhiteTeamCountry "HUN"]
[BlackTeamCountry "HUN"]

1. e4 e6 2. d4 d5 3. Nd2 c5 4. exd5 Qxd5 5. dxc5 Bxc5 6. Ngf3 Nf6 7. Bc4 Qf5 8. 0-0 0-0 9. Nb3 Bb6 10. Qe2 Bd7 11. Nfd4 Qe4 12. Qxe4 Nxe4 13. Bd3 Nf6 14. Bf4 Nc6 15. Nf3 Nb4 16. Bd6 Nxd3 17. Bxf8 Nxb2 18. Bc5 Nc4 19. Bxb6 Nxb6 20. Ne5 Bb5 21. Rfc1 Ne4 22. Nd4 Ba6 23. Re1 Nc3 24. Nef3 Rd8 25. Nb3 Rc8 26. Nfd4 Nc4 27. a4 e5 28. Nf5 Kf8 29. Kh1 f6 30. a5 Nb2 31. Ne3 g6 32. Nc1 h5 33. Na2 Nca4 34. Nb4 Bb5 35. Nd1 Nc4 36. Ne3 Ncb2 37. Nd1 Nc4 38. Ne3 Ncb2 39. Ra3 Kf7 40. Rb3 Bd7 41. Nd3 Nxd3 42. Rxd3 Be6 43. Kg1 Rc5 44. Rb1 Rc7 45. Ra3 Nc5 46. Rc3 Bc8 47. Rb5 1-0

[Event "HUN-chT2 Szechenyi 0910"]
[Site "Hungary"]
[Date "2009.11.08"]
[Round "1.12"]
[White "Szalay, Istvan"]
[Black "Rot, Norbert"]
[Result "0-1"]
[WhiteElo "1559"]
[BlackElo "1781"]
[PlyCount "56"]
[EventDate "2009.11.08"]
[EventType "team-tourn"]
[EventRounds "11"]
[EventCountry "HUN"]
[SourceTitle "EXT 2011"]
[Source "ChessBase"]
[SourceDate "2010.11.26"]
[SourceVersion "1"]
[SourceVersionDate "2010.11.26"]
[SourceQuality "1"]
[WhiteTeam "Arboretum"]
[BlackTeam "BSC"]
[WhiteTeamCountry "HUN"]
[BlackTeamCountry "HUN"]

1. e4 c5 2. Nf3 e6 3. d4 cxd4 4. Nxd4 a6 5. Nc3 Qc7 6. a3 d6 7. Be2 b5 8. Qd3 Nd7 9. Qg3 Bb7 10. Bd2 Ngf6 11. f3 Rc8 12. Rc1 Ne5 13. 0-0 Nc4 14. Bxc4 bxc4 15. Nde2 d5 16. Qxc7 Rxc7 17. exd5 Bc5+ 18. Kh1 Bxd5 19. Nxd5 Nxd5 20. b4 cxb3 21. cxb3 Bxa3 22. Ra1 Bb4 23. Rxa6 0-0 24. Bxb4 Nxb4 25. Rb6 Nd5 26. Ra6 Rfc8 27. Rfa1 Nf4 28. Ra8 Nxe2 0-1

[Event "HUN-chT2 Breyer 0809"]
[Site "Hungary"]
[Date "2009.04.05"]
[Round "10"]
[White "Vereszki, Bence"]
[Black "Rot, Norbert"]
[Result "1-0"]
[WhiteElo "1611"]
[BlackElo "1823"]
[PlyCount "117"]
[EventDate "2008.10.26"]
[EventType "team-tourn"]
[EventRounds "11"]
[EventCountry "HUN"]
[SourceTitle "EXT 2010"]
[Source "ChessBase"]
[SourceDate "2010.11.25"]
[SourceVersion "1"]
[SourceVersionDate "2010.11.25"]
[SourceQuality "1"]
[WhiteTeam "Turul"]
[BlackTeam "Balatonfuered"]
[WhiteTeamCountry "HUN"]
[BlackTeamCountry "HUN"]

1. e4 c5 2. Nf3 e6 3. d4 cxd4 4. Nxd4 a6 5. Be3 Nf6 6. Bd3 Qc7 7. 0-0 Be7 8. Nd2 0-0 9. f4 d6 10. h3 b5 11. g4 Bb7 12. h4 d5 13. e5 Ne4 14. g5 Bc5 15. N2b3 Ba7 16. Qg4 Nc6 17. Kh2 Nxd4 18. Nxd4 Nc5 19. Be2 Nd7 20. c3 b4 21. Rac1 Qb8 22. h5 Qe8 23. Rg1 Rc8 24. Bd3 Nc5 25. Bb1 Na4 26. g6 h6 27. gxf7+ Qxf7 28. Bg6 Qe7 29. cxb4 Rxc1 30. Rxc1 Nxb2 31. Rc3 Nc4 32. Bf2 Nxe5 33. Qxe6+ Qxe6 34. Nxe6 Ng4+ 35. Kg3 Bxf2+ 36. Kxg4 Bc8 37. f5 Bxe6 38. fxe6 Bd4 39. Rd3 Bf6 40. Rxd5 Rb8 41. a3 Rc8 42. Ra5 Rc4+ 43. Kf3 Rc3+ 44. Ke4 Rc6 45. Kd5 Rb6 46. Bd3 Kf8 47. Rxa6 Rb8 48. Bg6 Rd8+ 49. Kc6 Ke7 50. Bf7 Rc8+ 51. Kb7 Rc4 52. b5 Bd4 53. a4 Kd8 54. Ra8+ Ke7 55. a5 Kd6 56. b6 Rb4 57. Rc8 Ke7 58. Rc6 Be5 59. a6 1-0

[Event "Veszprem Hemo op"]
[Site "Veszprem"]
[Date "2008.08.17"]
[Round "2"]
[White "Rot, Norbert"]
[Black "Sukosd, Janos"]
[Result "0-1"]
[WhiteElo "1845"]
[BlackElo "2107"]
[PlyCount "83"]
[EventDate "2008.08.16"]
[EventType "swiss"]
[EventRounds "7"]
[EventCountry "HUN"]
[SourceTitle "EXT 2011"]
[Source "ChessBase"]
[SourceDate "2010.11.26"]
[SourceVersion "1"]
[SourceVersionDate "2010.11.26"]
[SourceQuality "1"]

1. e4 c5 2. Nf3 d6 3. d4 cxd4 4. Nxd4 Nf6 5. Nc3 a6 6. Bg5 e6 7. Qd2 Be7 8. 0-0-0 b5 9. Bxf6 Bxf6 10. Bxb5+ axb5 11. Ndxb5 0-0 12. Qxd6 Qxd6 13. Rxd6 Be5 14. Rdd1 Ba6 15. Kb1 Nc6 16. a4 Rfb8 17. Ne2 Bxb5 18. axb5 Rxb5 19. c3 g5 20. g3 Na5 21. f4 Nc4 22. b4 Bxc3 23. Nxc3 Rxb4+ 24. Kc1 Ra1+ 25. Kc2 Ne3+ 26. Kd2 Nxd1 27. Rxd1 Rd4+ 28. Ke2 Raxd1 29. Nxd1 gxf4 30. gxf4 Rxe4+ 31. Kf3 Ra4 32. Nf2 Kg7 33. Ne4 Ra3+ 34. Kg2 Kg6 35. Nd6 Rd3 36. Nc4 f6 37. Kf2 Rd4 38. Ne3 Rxf4+ 39. Kg3 Ra4 40. Ng2 f5 41. Nf4+ Rxf4 42. Kxf4 0-1

[Event "HUN-chT2 Breyer 0708"]
[Site "Hungary"]
[Date "2008.03.02"]
[Round "7"]
[White "Rot, Norbert"]
[Black "Bakacs, Ferenc"]
[Result "0-1"]
[WhiteElo "1817"]
[BlackElo "1770"]
[PlyCount "108"]
[EventDate "2007.10.14"]
[EventType "team"]
[EventRounds "11"]
[EventCountry "HUN"]
[SourceTitle "EXT 2009"]
[Source "ChessBase"]
[SourceDate "2008.11.26"]
[SourceVersion "1"]
[SourceVersionDate "2008.11.26"]
[SourceQuality "1"]
[WhiteTeam "Balatonfuered"]
[BlackTeam "Hobagoly"]
[WhiteTeamCountry "HUN"]
[BlackTeamCountry "HUN"]

1. e4 c5 2. Nf3 e6 3. d4 cxd4 4. Nxd4 a6 5. Nc3 d6 6. Bd3 Nf6 7. 0-0 Nbd7 8. Be3 Nc5 9. f4 g6 10. Nf3 Nxd3 11. Qxd3 Be7 12. Bd4 0-0 13. Rad1 Nd7 14. Nd2 b5 15. f5 e5 16. Be3 Bb7 17. Bh6 Re8 18. Qf3 f6 19. fxg6 hxg6 20. Qg4 Kh7 21. Be3 Kg7 22. Rf3 Rh8 23. Rh3 Rxh3 24. Qxh3 Nf8 25. Qh6+ Kf7 26. Rf1 Ne6 27. Qh7+ Ke8 28. Qxg6+ Kd7 29. Qf7 Qg8 30. Rxf6 Qxf7 31. Rxf7 Rf8 32. Rxf8 Nxf8 33. Nd5 Bd8 34. c4 Ne6 35. g3 Nc7 36. Nxc7 Bxc7 37. cxb5 axb5 38. b4 Ke6 39. h4 d5 40. exd5+ Bxd5 41. Nb3 Kf5 42. Kf2 Kg4 43. Nc1 Bc4 44. Kg2 e4 45. Bf2 Bd5 46. Kh2 Bc4 47. Nb3 Kf3 48. Be1 Ke2 49. Bc3 Bxb3 50. axb3 e3 51. Kg2 Kd1 52. h5 e2 53. Kf2 Be5 54. Be1 Bd4+ 0-1

[Event "HUN-chT2 Breyer 0708"]
[Site "Hungary"]
[Date "2007.12.09"]
[Round "4"]
[White "Horvath, Ilona Klara"]
[Black "Rot, Norbert"]
[Result "1/2-1/2"]
[WhiteElo "1855"]
[BlackElo "1817"]
[PlyCount "48"]
[EventDate "2007.10.14"]
[EventType "team"]
[EventRounds "11"]
[EventCountry "HUN"]
[SourceTitle "EXT 2009"]
[Source "ChessBase"]
[SourceDate "2008.11.26"]
[SourceVersion "1"]
[SourceVersionDate "2008.11.26"]
[SourceQuality "1"]
[WhiteTeam "MAFC"]
[BlackTeam "Balatonfuered"]
[WhiteTeamCountry "HUN"]
[BlackTeamCountry "HUN"]

1. e4 c5 2. f4 d5 3. e5 Nc6 4. Nf3 Bg4 5. Be2 h5 6. h3 Bxf3 7. Bxf3 e6 8. g3 g6 9. d3 Nh6 10. c3 Nf5 11. Rg1 Bh6 12. Na3 a6 13. Qe2 Rc8 14. Nc2 d4 15. c4 b5 16. b3 Na7 17. Kf2 bxc4 18. bxc4 Rb8 19. Ba3 Bxf4 20. Bxc5 Nxg3 21. Rxg3 Bxg3+ 22. Kxg3 Qg5+ 23. Kh2 Nc8 24. Nxd4 Ne7 1/2-1/2